[Event "Int. Stuttgarter Stadtmeisterschaft A"]
[Site "Ditzingen"]
[Date "2016.05.05"]
[Round "2.7"]
[White "Schwab, Matthias"]
[Black "Niklasch, Oliver"]
[Result "1/2-1/2"]
[WhiteElo "2126"]
[BlackElo "2319"]
[PlyCount "61"]
[EventDate "2016.??.??"]
[WhiteTeam "SC Böblingen"]
[BlackTeam "SK Schmiden/Cannstatt"]

1. d4 e6 2. c4 Nf6 3. Nc3 d5 4. cxd5 exd5 5. Bg5 c6 6. e3 Be7 7. Bd3 Nbd7 8.
Qc2 Nh5 9. Bxe7 Qxe7 10. Nge2 Nb6 11. O-O g6 12. Rae1 O-O 13. Ng3 Nxg3 14. hxg3
Be6 15. Na4 Nxa4 16. Qxa4 Rfc8 17. Rc1 h5 18. Qc2 Kg7 19. f4 Bg4 20. Qf2 Re8
21. Rce1 f5 22. Qd2 Rad8 23. Kf2 Rd6 24. Rh1 Re6 25. b4 b6 26. Bc2 Qd6 27. Bb3
Kf8 28. Qc3 R8e7 29. Qd2 Kg7 30. Qc3 Kf8 31. Qd2 1/2-1/2

[Event "Int. Stuttgarter Stadtmeisterschaft A"]
[Site "Ditzingen"]
[Date "2016.05.05"]
[Round "2.8"]
[White "Flick, Antoine"]
[Black "Maisch, Julian"]
[Result "1-0"]
[WhiteElo "2319"]
[BlackElo "2108"]
[PlyCount "63"]
[EventDate "2016.??.??"]
[WhiteTeam "SC Heitersheim"]
[BlackTeam "SF Kornwestheim"]

1. d4 Nf6 2. Nf3 d5 3. c4 e6 4. Nc3 Be7 5. cxd5 exd5 6. Bf4 c6 7. Qc2 Na6 8. a3
Nc7 9. e3 Ne6 10. Bg3 O-O 11. Bd3 g6 12. O-O Ng7 13. b4 a6 14. Rab1 Bf5 15. Ne5
Nd7 16. e4 dxe4 17. Nxe4 Ne6 18. Qc3 Bxe4 19. Bxe4 Nb6 20. Rfd1 Nd5 21. Qe1
Nec7 22. Nc4 Nb5 23. Na5 Qd7 24. Rd3 Nb6 25. a4 Nxa4 26. d5 c5 27. d6 Bd8 28.
Nxb7 c4 29. Rdd1 Rc8 30. Bc2 Re8 31. Qxe8+ Qxe8 32. d7 1-0

[Event "Int. Stuttgarter Stadtmeisterschaft A"]
[Site "Ditzingen"]
[Date "2016.05.05"]
[Round "2.9"]
[White "Karimi, Farhad"]
[Black "Kabisch, Thilo"]
[Result "0-1"]
[WhiteElo "2095"]
[BlackElo "2309"]
[PlyCount "80"]
[EventDate "2016.??.??"]
[WhiteTeam "Satranç Club"]
[BlackTeam "SK Schmiden/Cannstatt"]

1. d4 Nf6 2. c4 g6 3. Nc3 Bg7 4. e4 d6 5. h3 O-O 6. Be3 e5 7. d5 a5 8. Nf3 Na6
9. Be2 Bd7 10. Qc2 Nh5 11. g3 f5 12. exf5 Bxf5 13. Qd2 Nf6 14. Ng5 Qe7 15. g4
Bd7 16. Nge4 b6 17. O-O-O Nxe4 18. Nxe4 Nc5 19. Bxc5 bxc5 20. h4 Rf4 21. f3
Bxg4 22. Rdg1 Bh5 23. Ng3 Rxh4 24. Nxh5 gxh5 25. Rxh4 Qxh4 26. Bd3 Rf8 27. Qg2
Rf7 28. Be4 Qf4+ 29. Kb1 h4 30. Qh3 Kh8 31. a3 Qe3 32. Qg4 a4 33. Ka1 Qf4 34.
Qh3 Bf8 35. Rg4 Qc1+ 36. Bb1 Bg7 37. Re4 h6 38. Qxh4 Rxf3 39. Qd8+ Rf8 40. Qh4
Rf1 0-1

[Event "Int. Stuttgarter Stadtmeisterschaft A"]
[Site "Ditzingen"]
[Date "2016.05.05"]
[Round "2.10"]
[White "Tuncer, Ufuk"]
[Black "Wettengel, Alexander"]
[Result "1-0"]
[WhiteElo "2292"]
[BlackElo "2105"]
[PlyCount "63"]
[EventDate "2016.??.??"]
[WhiteTeam "SK Sontheim/Brenz"]
[BlackTeam "Stuttgarter SF"]

1. Nf3 Nc6 2. d4 d5 3. c4 Bg4 4. Nc3 e6 5. cxd5 exd5 6. Bf4 Bd6 7. Bg3 Nge7 8.
e3 O-O 9. Be2 a6 10. O-O Bxg3 11. hxg3 Qd7 12. Rc1 b5 13. Nb1 f6 14. Nbd2 Qd6
15. Nb3 Nd8 16. Nc5 Ne6 17. Nd2 Bxe2 18. Qxe2 c6 19. Ndb3 a5 20. a4 bxa4 21.
Nxe6 Qxe6 22. Nc5 Qd6 23. Ra1 Rfb8 24. Rxa4 Rb4 25. Ra2 Rb5 26. Rfa1 Rab8 27.
b3 Ra8 28. Qd2 Qc7 29. b4 Rxb4 30. Qxb4 axb4 31. Rxa8+ Kf7 32. R1a7 1-0

[Event "Int. Stuttgarter Stadtmeisterschaft A"]
[Site "Ditzingen"]
[Date "2016.05.05"]
[Round "2.11"]
[White "Döring, Andreas"]
[Black "Neyman, Igor"]
[Result "0-1"]
[WhiteElo "2085"]
[BlackElo "2262"]
[PlyCount "130"]
[EventDate "2016.??.??"]
[WhiteTeam "SC Tamm"]
[BlackTeam "Stuttgarter SF"]

1. e4 c5 2. Nf3 Nc6 3. d4 cxd4 4. Nxd4 e5 5. Nb5 d6 6. N1c3 a6 7. Na3 Be7 8.
Nc4 b5 9. Ne3 Nf6 10. Bd3 O-O 11. O-O b4 12. Ncd5 Rb8 13. a3 a5 14. axb4 axb4
15. Bd2 Nxd5 16. Nxd5 Bg5 17. Ra4 Bxd2 18. Qxd2 b3 19. c3 Ne7 20. Bc4 Nxd5 21.
Bxd5 Be6 22. Rd1 Rb6 23. Ra7 h6 24. h3 Qf6 25. Qe3 Rfb8 26. Ra8 Qd8 27. Ra7 Qf6
28. Rd3 Bxd5 29. Rxd5 Rc6 30. Qd2 Qg6 31. Qd3 Qg5 32. Qd2 Qxd2 33. Rxd2 Rxc3
34. bxc3 b2 35. Rxb2 Rxb2 36. Rc7 h5 37. c4 Re2 38. f3 h4 39. Rd7 Rc2 40. Rxd6
Rxc4 41. Rd2 Kh7 42. Kf2 Kh6 43. g3 hxg3+ 44. Kxg3 Rc3 45. Kg4 Rc1 46. Rg2 Rf1
47. Rg3 Kg6 48. Rg2 Kf6 49. Kg3 g6 50. Rb2 Rg1+ 51. Kf2 Ra1 52. Rb5 Ra6 53. Kg3
Ke6 54. Rb8 f5 55. Rg8 Kf7 56. Rb8 Ra3 57. Rb4 f4+ 58. Kg4 Ra1 59. Rb7+ Kf6 60.
Rb6+ Kg7 61. Re6 Rg1+ 62. Kh4 Rg3 63. Rxe5 Kf6 64. Re8 g5+ 65. Kh5 Rxh3+ 0-1

[Event "Int. Stuttgarter Stadtmeisterschaft A"]
[Site "Ditzingen"]
[Date "2016.05.05"]
[Round "2.12"]
[White "Ott, Florian"]
[Black "Montigel, Philipp"]
[Result "1-0"]
[WhiteElo "2255"]
[BlackElo "2097"]
[PlyCount "123"]
[EventDate "2016.??.??"]
[WhiteTeam "SC Forchheim"]
[BlackTeam "SV Stuttgart-Wolfbusch"]

1. d4 e6 2. c4 b6 3. e4 Bb7 4. Bd3 f5 5. exf5 Bxg2 6. Qh5+ g6 7. fxg6 Bg7 8.
gxh7+ Kf8 9. Ne2 Nf6 10. Qh4 Bxh1 11. Nf4 Nc6 12. Ng6+ Kf7 13. Nxh8+ Qxh8 14.
Nc3 Nxd4 15. Qxd4 Nd5 16. Qg4 Nxc3 17. Qg6+ Ke7 18. Bg5+ Kd6 19. Kd2 Be4 20.
Bxe4 Nxe4+ 21. Qxe4 Bxb2 22. Rd1 Kc5 23. Be3+ Kb4 24. Ke2 Rd8 25. c5+ Ka5 26.
cxb6 axb6 27. Rd3 d5 28. Qg6 Rd7 29. Qxe6 Qxh7 30. Rxd5+ Rxd5 31. Qxd5+ Ka6 32.
Qa8+ Kb5 33. Qd5+ Ka6 34. Qa8+ Kb5 35. a4+ Kb4 36. Bd2+ Kb3 37. Qd5+ Ka3 38. a5
Qe7+ 39. Kd1 bxa5 40. Qxa5+ Kb3 41. Qb5+ Ka2 42. Qc4+ Kb1 43. Qd3+ Ka2 44. f4
Qe6 45. f5 Qc6 46. h3 Qh1+ 47. Be1 Qc6 48. Ke2 Bf6 49. Bf2 Bg5 50. h4 Bf6 51.
h5 Bg5 52. Kf1 Bf6 53. Kg1 Qc1+ 54. Kh2 Be5+ 55. Bg3 Bxg3+ 56. Qxg3 Qh6 57.
Qf2+ Kb3 58. Qf3+ Ka4 59. Kg3 Ka5 60. Qd5+ Kb4 61. Qe4+ Kb3 62. Qe6+ 1-0

[Event "Int. Stuttgarter Stadtmeisterschaft A"]
[Site "Ditzingen"]
[Date "2016.05.05"]
[Round "2.13"]
[White "Klaus, Dominik"]
[Black "Baenziger, Fabian"]
[Result "0-1"]
[WhiteElo "2068"]
[BlackElo "2248"]
[PlyCount "132"]
[EventDate "2016.??.??"]
[WhiteTeam "Ssg Fils-Lauter"]

1. d4 Nf6 2. c4 c5 3. Nf3 g6 4. Nc3 Bg7 5. e4 O-O 6. Be2 d6 7. O-O Bg4 8. Be3
Bxf3 9. Bxf3 cxd4 10. Bxd4 Nc6 11. Be3 Nd7 12. Qd2 Rc8 13. b3 Nc5 14. g3 Ne6
15. Bg2 Bd4 16. Bh6 Bg7 17. Be3 Qa5 18. Rac1 Ned4 19. Rfd1 Qh5 20. h3 Nf3+ 21.
Bxf3 Qxf3 22. Qe2 Qf6 23. Kg2 Qe6 24. Qd3 Nb4 25. Qb1 f5 26. Bxa7 Bxc3 27. Rxc3
Ra8 28. exf5 Rxf5 29. Be3 Rxa2 30. Rd2 Rxd2 31. Bxd2 Qe2 32. Qe1 Qxe1 33. Bxe1
b5 34. Bd2 bxc4 35. Rxc4 Nd3 36. Be3 Rb5 37. Rc3 Nb4 38. Kf3 Nd5 39. Rd3 Kf7
40. Bd2 e5 41. b4 Ke6 42. Ra3 Nxb4 43. Rb3 Nc6 44. Rxb5 Nd4+ 45. Ke3 Nxb5 46.
f4 d5 47. fxe5 Kxe5 48. Kf3 Nd4+ 49. Kg4 Ke4 50. h4 Nf3 51. Bh6 Ne5+ 52. Kh3
Nf7 53. Bc1 h5 54. g4 Kf3 55. gxh5 gxh5 56. Bb2 Nd6 57. Kh2 Nf5 58. Bf6 Kf2 59.
Bd8 d4 60. Bb6 Kf3 61. Kg1 d3 62. Ba5 Ng3 63. Bb4 Ne4 64. Kh2 d2 65. Bxd2 Nxd2
66. Kh3 Ne4 0-1

[Event "Int. Stuttgarter Stadtmeisterschaft A"]
[Site "Ditzingen"]
[Date "2016.05.05"]
[Round "2.14"]
[White "Hubel, Merten"]
[Black "Denisow, Jewgeny"]
[Result "1/2-1/2"]
[WhiteElo "2061"]
[BlackElo "2222"]
[PlyCount "57"]
[EventDate "2016.??.??"]
[WhiteTeam "SF Birkenfeld"]
[BlackTeam "SG Schwäbisch Gmünd"]

1. d4 d5 2. Nf3 Nf6 3. g3 e6 4. Bg2 Be7 5. c4 O-O 6. O-O b6 7. Nc3 Bb7 8. Ne5
Nbd7 9. Bf4 c6 10. cxd5 cxd5 11. Rc1 a6 12. Na4 Nxe5 13. Bxe5 Bd6 14. Bxf6 gxf6
15. Qb3 Bc7 16. Rc3 Qd6 17. Rfc1 Rfc8 18. h4 Bd8 19. h5 Rxc3 20. Rxc3 Rc8 21.
Nc5 bxc5 22. Qxb7 Rc7 23. dxc5 Rxc5 24. Rxc5 Qxc5 25. Qxa6 Qc1+ 26. Kh2 Qxb2
27. Bf3 Kg7 28. Qd6 Qb6 29. Qxb6 1/2-1/2

[Event "Int. Stuttgarter Stadtmeisterschaft A"]
[Site "Ditzingen"]
[Date "2016.05.05"]
[Round "2.15"]
[White "Schmidt, Tobias"]
[Black "Schönberger, Peter"]
[Result "1-0"]
[WhiteElo "2221"]
[BlackElo "2088"]
[PlyCount "87"]
[EventDate "2016.??.??"]
[WhiteTeam "SC Erdmannhausen"]
[BlackTeam "SCHWARMSTE"]

1. e4 e5 2. Nf3 Nc6 3. Bc4 Bc5 4. c3 d6 5. d4 exd4 6. cxd4 Bb4+ 7. Nc3 Nf6 8.
d5 Bxc3+ 9. bxc3 Ne7 10. Qc2 O-O 11. O-O Ng6 12. Nd4 Qe7 13. Re1 Ng4 14. h3
N4e5 15. Bf1 Qf6 16. g3 Nf3+ 17. Nxf3 Qxf3 18. Bg2 Qh5 19. g4 Qh4 20. Qe2 Qf6
21. Qf3 Qe7 22. Qe3 Bd7 23. f4 Qh4 24. Qf2 Rae8 25. Rb1 b6 26. Bd2 Qxf2+ 27.
Kxf2 f6 28. Kg3 Rf7 29. c4 Rfe7 30. Rb3 Nh8 31. Rbe3 Nf7 32. Bc3 a6 33. Bd4 Kf8
34. Kf3 Kg8 35. Bf1 Nh8 36. e5 fxe5 37. fxe5 dxe5 38. Bxe5 Rf8+ 39. Kg3 Bc8 40.
c5 bxc5 41. d6 cxd6 42. Bc4+ Nf7 43. Bxd6 Rxe3+ 44. Rxe3 1-0

[Event "Int. Stuttgarter Stadtmeisterschaft A"]
[Site "Ditzingen"]
[Date "2016.05.05"]
[Round "2.16"]
[White "Martin, Dennis"]
[Black "Krockenberger, Martin"]
[Result "1/2-1/2"]
[WhiteElo "1928"]
[BlackElo "2208"]
[PlyCount "81"]
[EventDate "2016.??.??"]
[WhiteTeam "SK Rotenburg"]
[BlackTeam "SK Schmiden/Cannstatt"]

1. e4 e6 2. d4 d5 3. Nc3 Bb4 4. e5 c5 5. a3 Bxc3+ 6. bxc3 Ne7 7. f4 b6 8. Be3
Qc7 9. Qd2 cxd4 10. cxd4 Ba6 11. Bxa6 Nxa6 12. Ne2 Nb8 13. O-O Nbc6 14. Rf3 Na5
15. Bf2 Rc8 16. Rc1 O-O 17. g4 f5 18. Rg3 Qd7 19. Qd3 Rc7 20. Be1 Nac6 21. Kh1
fxg4 22. Rxg4 Nf5 23. Bd2 Rfc8 24. Rcg1 Nce7 25. c3 Qa4 26. Ra1 Qc4 27. Qxc4
Rxc4 28. Rgg1 Nc6 29. Ng3 Rf8 30. Rgb1 Na5 31. Ra2 Rc7 32. Kg2 Nc4 33. Ne2 Kf7
34. Kf3 Ke8 35. Rg1 Kd7 36. Be1 Kc6 37. Bf2 a5 38. Rb1 Rcf7 39. h4 Rb7 40. Nc1
Rc7 41. Nd3 1/2-1/2

[Event "Int. Stuttgarter Stadtmeisterschaft A"]
[Site "Ditzingen"]
[Date "2016.05.05"]
[Round "2.17"]
[White "Aring, Gerd"]
[Black "Gabriel, Josef"]
[Result "1/2-1/2"]
[WhiteElo "2192"]
[BlackElo "2073"]
[PlyCount "113"]
[EventDate "2016.??.??"]
[WhiteTeam "SV Nürtingen"]
[BlackTeam "Stuttgarter SF"]

1. d4 g6 2. c4 Bg7 3. Nc3 d6 4. e4 Nc6 5. d5 Nd4 6. Be3 c5 7. dxc6 Nxc6 8. Rc1
Nf6 9. Be2 O-O 10. h3 Be6 11. Nf3 Rc8 12. O-O a6 13. b3 Qa5 14. Qd2 b5 15. cxb5
axb5 16. Nxb5 Nxe4 17. Qxa5 Nxa5 18. Nfd4 Bd7 19. b4 Nc6 20. Nxc6 Rxc6 21. Rxc6
Bxc6 22. Nd4 Bd5 23. Bf3 Ra8 24. Nb5 Rxa2 25. Nc7 Bb7 26. b5 f5 27. Ne6 Bd5 28.
Nf4 Bc4 29. Rb1 Nc3 30. Rb4 Ra1+ 31. Kh2 Bxb5 32. Nd5 Be5+ 33. g3 Rb1 34. Rxb1
Nxb1 35. Nxe7+ Kf7 36. Nc6 Bxc6 37. Bxc6 Nc3 38. Kg2 Ke6 39. Kf3 d5 40. g4 d4
41. gxf5+ gxf5 42. Bd2 Kd6 43. Bb7 Nd5 44. Ke2 Bf6 45. Kd3 Ke5 46. Bxd5 Kxd5
47. Ba5 Bh4 48. f3 Bf2 49. Bb6 Ke5 50. Bc7+ Kf6 51. Bd8+ Kg6 52. Be7 Be3 53.
Bd6 Bf2 54. Be7 Kh5 55. Bf6 Be3 56. Bxd4 Bxd4 57. Kxd4 1/2-1/2

[Event "Int. Stuttgarter Stadtmeisterschaft A"]
[Site "Ditzingen"]
[Date "2016.05.05"]
[Round "2.18"]
[White "Kröger, Fabian"]
[Black "Büter, Norbert"]
[Result "1-0"]
[WhiteElo "2170"]
[BlackElo "2053"]
[PlyCount "41"]
[EventDate "2016.??.??"]
[WhiteTeam "SC Kreut"]
[BlackTeam "SpVgg Rommelshausen"]

1. e4 d6 2. d4 Nf6 3. Nc3 c6 4. f4 Qa5 5. Bd3 e5 6. Nf3 Nbd7 7. O-O Be7 8. Kh1
O-O 9. Qe1 Qc7 10. Be3 Re8 11. Rd1 b6 12. Qe2 exd4 13. Bxd4 Bb7 14. e5 Bf8 15.
Qf2 Nh5 16. Ng5 h6 17. Nxf7 Kxf7 18. Qh4 g6 19. Qg4 Re6 20. f5 dxe5 21. fxe6+
1-0

[Event "Int. Stuttgarter Stadtmeisterschaft A"]
[Site "Ditzingen"]
[Date "2016.05.05"]
[Round "2.19"]
[White "Gabriel, Robert"]
[Black "Merk, Daniel"]
[Result "0-1"]
[WhiteElo "2176"]
[BlackElo "1864"]
[PlyCount "98"]
[EventDate "2016.??.??"]
[WhiteTeam "Stuttgarter SF"]
[BlackTeam "Schach-Pinguine Sulzbach"]

1. Nf3 Nf6 2. c4 c5 3. g3 d5 4. cxd5 Nxd5 5. Bg2 Nc6 6. d4 e6 7. O-O Be7 8.
dxc5 O-O 9. a3 Bxc5 10. Qc2 Qe7 11. e4 Nc7 12. b4 Bb6 13. Nc3 e5 14. Nd5 Nxd5
15. exd5 Nd4 16. Nxd4 Bxd4 17. Bb2 Bxb2 18. Qxb2 Qd6 19. Rac1 Bd7 20. Rc3 Rac8
21. Rfc1 f6 22. Rxc8 Rxc8 23. Rxc8+ Bxc8 24. Qc2 Bd7 25. Qc5 Qxc5 26. bxc5 Kf8
27. d6 Bc8 28. Kf1 Ke8 29. Ke2 Kd7 30. Kd3 f5 31. Kc4 b6 32. cxb6 axb6 33. Kb5
Kxd6 34. Kxb6 e4 35. a4 Bd7 36. a5 Bc6 37. h4 e3 38. Bf1 Bg2 39. a6 Bxf1 40. a7
Bg2 41. fxe3 Ke5 42. Kc7 Bd5 43. Kd7 Ke4 44. Kd6 Ba8 45. Ke6 Bd5+ 46. Kd6 g6
47. Ke7 Kxe3 48. Kd6 Ba8 49. h5 gxh5 0-1

[Event "Int. Stuttgarter Stadtmeisterschaft A"]
[Site "Ditzingen"]
[Date "2016.05.05"]
[Round "2.20"]
[White "Müller, Dennis"]
[Black "Braun, Joachim"]
[Result "0-1"]
[WhiteElo "1801"]
[BlackElo "2165"]
[PlyCount "54"]
[EventDate "2016.??.??"]
[WhiteTeam "SC Kreut"]
[BlackTeam "SF Birkenfeld"]

1. e4 c5 2. Nf3 e6 3. d4 cxd4 4. Nxd4 Nc6 5. Nc3 Qc7 6. Be3 a6 7. Be2 b5 8. Qd2
Bb7 9. f3 Nf6 10. g4 d6 11. O-O-O b4 12. Na4 Nd7 13. b3 Be7 14. g5 Rc8 15. h4
O-O 16. Kb1 Nxd4 17. Bxd4 d5 18. Bd3 Bc6 19. Nb2 a5 20. h5 f5 21. gxf6 Bxf6 22.
exd5 Bxd5 23. Bxh7+ Kxh7 24. Qd3+ Kg8 25. h6 Ne5 26. Bxe5 Qxe5 27. hxg7 Qxb2#
0-1

[Event "Int. Stuttgarter Stadtmeisterschaft A"]
[Site "Ditzingen"]
[Date "2016.05.05"]
[Round "2.21"]
[White "Uso I Cubertorer, Lluis"]
[Black "Haas, Wilhelm"]
[Result "1/2-1/2"]
[WhiteElo "1660"]
[BlackElo "2191"]
[PlyCount "79"]
[EventDate "2016.??.??"]
[BlackTeam "SC Erdmannhausen"]

1. e4 c5 2. c3 Nf6 3. e5 Nd5 4. d4 cxd4 5. cxd4 e6 6. Nf3 Nc6 7. Bc4 Nb6 8. Bb5
d5 9. Bg5 Be7 10. Bxe7 Qxe7 11. O-O Bd7 12. Nc3 O-O 13. a3 Na5 14. Bd3 Rfc8 15.
Nb5 Bxb5 16. Bxb5 a6 17. Bd3 Nac4 18. Nd2 Nxb2 19. Bxh7+ Kxh7 20. Qb1+ Kg8 21.
Qxb2 Nc4 22. Nxc4 Rxc4 23. a4 Qb4 24. Qxb4 Rxb4 25. Rfd1 Rc8 26. f3 Rcc4 27.
Rab1 Rxd4 28. Rxd4 Rxd4 29. Rxb7 Rxa4 30. Rb8+ Kh7 31. Rb7 Kg6 32. g4 Ra2 33.
h4 d4 34. h5+ Kh6 35. Rxf7 d3 36. Rd7 d2 37. Kf1 Ra1+ 38. Ke2 Re1+ 39. Kxd2
Rxe5 40. Ra7 1/2-1/2

[Event "Int. Stuttgarter Stadtmeisterschaft A"]
[Site "Ditzingen"]
[Date "2016.05.05"]
[Round "2.22"]
[White "Dudek, Richard"]
[Black "Longo, Claudio"]
[Result "1-0"]
[WhiteElo "2230"]
[BlackElo "1870"]
[PlyCount "81"]
[EventDate "2016.??.??"]
[WhiteTeam "SC Eppingen"]
[BlackTeam "SK Gräfelfing"]

1. e4 c5 2. Nc3 g6 3. g3 Bg7 4. Bg2 d6 5. d3 Nc6 6. Be3 e6 7. Qd2 b6 8. Nge2
Bb7 9. O-O Nd4 10. Bxd4 cxd4 11. Nb5 e5 12. Qb4 Bf8 13. a4 a6 14. Na3 d5 15.
Qb3 Bxa3 16. Rxa3 Ne7 17. f4 exf4 18. Nxf4 dxe4 19. dxe4 O-O 20. Rd1 Nc6 21. c3
Na5 22. Qa2 Rc8 23. Rxd4 Qe7 24. b4 Nc6 25. Nd5 Qe5 26. Rd1 b5 27. axb5 axb5
28. Qf2 Ra8 29. Rxa8 Rxa8 30. Rf1 Nd8 31. Qc5 Bxd5 32. exd5 Ra3 33. Qxb5 Rxc3
34. Qd7 Qb8 35. Qe8+ Kg7 36. Rxf7+ Kh6 37. Rf1 Qb6+ 38. Kh1 Nb7 39. Qf8+ Kh5
40. Bf3+ Rxf3 41. Rxf3 1-0

[Event "Int. Stuttgarter Stadtmeisterschaft A"]
[Site "Ditzingen"]
[Date "2016.05.05"]
[Round "2.23"]
[White "Jussupow, Nadia"]
[Black "Schallner, Marc"]
[Result "1/2-1/2"]
[WhiteElo "2106"]
[BlackElo "1975"]
[PlyCount "143"]
[EventDate "2016.??.??"]
[WhiteTeam "SK Krumbach"]
[BlackTeam "SF Kornwestheim"]

1. d4 d5 2. e3 Nf6 3. Bd3 c5 4. c3 e6 5. Nd2 Nc6 6. f4 Bd6 7. Nh3 O-O 8. O-O
Ne8 9. g4 Qb6 10. Kh1 Bd7 11. Qf3 cxd4 12. exd4 Na5 13. Ng5 h6 14. Nh7 Bb5 15.
Nxf8 Bxf8 16. g5 Bxd3 17. Qxd3 hxg5 18. fxg5 g6 19. Nf3 Nc4 20. Ne5 Nxe5 21.
dxe5 Ng7 22. Qf3 Nf5 23. Bf4 Rc8 24. b4 Qc6 25. Rac1 b5 26. Bg3 Be7 27. h4 Kg7
28. Kg2 Rh8 29. Rcd1 Qc4 30. Kg1 Bd8 31. Bf2 Bb6 32. Bxb6 axb6 33. Rd4 Qc7 34.
Rf4 Qxe5 35. Rf2 Qe1+ 36. Rf1 Qd2 37. a3 Rh7 38. Rd4 Qe3+ 39. Qxe3 Nxe3 40. Rf2
Nf5 41. Rdf4 Rxh4 42. Rxh4 Nxh4 43. Kh2 Nf5 44. Ra2 Nd6 45. a4 bxa4 46. Rxa4
Ne4 47. Ra6 b5 48. Rc6 Kf8 49. Kg2 Ke8 50. Rc7 Nxg5 51. Rc5 Ne4 52. Rxb5 Nxc3
53. Rb7 Ne4 54. Kf3 Nd6 55. Ra7 f6 56. Ke3 e5 57. Rh7 f5 58. Kd3 f4 59. Rg7 e4+
60. Kd2 d4 61. Rxg6 Kd7 62. Rg5 Ke6 63. Ke2 Nc4 64. Rc5 Kd6 65. Rxc4 d3+ 66.
Kd2 Kd5 67. Rc8 Kd4 68. b5 e3+ 69. Ke1 d2+ 70. Kd1 f3 71. Rd8+ Kc5 72. Rxd2
1/2-1/2

[Event "Int. Stuttgarter Stadtmeisterschaft A"]
[Site "Ditzingen"]
[Date "2016.05.05"]
[Round "2.24"]
[White "Haug, Siegmund"]
[Black "Germer, Philipp"]
[Result "0-1"]
[WhiteElo "1937"]
[BlackElo "2180"]
[PlyCount "76"]
[EventDate "2016.??.??"]
[WhiteTeam "SC Pforzheim"]
[BlackTeam "SC Oberwinden"]

1. d4 Nf6 2. Nf3 e6 3. Bg5 d5 4. Nbd2 b6 5. e3 Be7 6. Bd3 c5 7. c3 a5 8. O-O
Ba6 9. Qe2 Bxd3 10. Qxd3 O-O 11. Ne5 Nfd7 12. Bxe7 Qxe7 13. f4 f6 14. Nxd7 Nxd7
15. Rae1 f5 16. Kh1 c4 17. Qe2 b5 18. g4 b4 19. gxf5 exf5 20. Nf3 Qe4 21. Rg1
Nf6 22. h3 Rab8 23. Qg2 g6 24. Kh2 bxc3 25. bxc3 Rb7 26. Ne5 Qxg2+ 27. Rxg2 Ne4
28. Rc1 Rfb8 29. Rcc2 a4 30. Nc6 Rc8 31. Nb4 Nxc3 32. a3 Nb5 33. Nxd5 c3 34.
Rg1 Rd8 35. Nb4 Kf7 36. Na6 Re7 37. Nc5 Rxe3 38. Nxa4 Nxd4 0-1

[Event "Int. Stuttgarter Stadtmeisterschaft A"]
[Site "Ditzingen"]
[Date "2016.05.05"]
[Round "2.25"]
[White "Gerstenberger, Heinz"]
[Black "Lebiedz, Oliver"]
[Result "1-0"]
[WhiteElo "2101"]
[BlackElo "1914"]
[PlyCount "49"]
[EventDate "2016.??.??"]
[WhiteTeam "Stuttgarter SF"]
[BlackTeam "SK Rotenburg"]

1. b3 e5 2. Bb2 Nc6 3. e3 d5 4. Bb5 Bd6 5. f4 f6 6. Qh5+ g6 7. Qh4 Bd7 8. Nc3
Nce7 9. fxe5 fxe5 10. Bxd7+ Qxd7 11. Nf3 O-O-O 12. O-O-O Nf5 13. Qh3 Nf6 14. e4
dxe4 15. Ng5 Nd4 16. Nf7 Nf5 17. Nxh8 g5 18. g4 Nh4 19. Qe3 Nxg4 20. Qxa7 c6
21. Nxe4 Bb8 22. Qa8 Rxh8 23. h3 Qd5 24. hxg4 Qxe4 25. Rhe1 1-0

[Event "Int. Stuttgarter Stadtmeisterschaft A"]
[Site "Ditzingen"]
[Date "2016.05.05"]
[Round "2.26"]
[White "Wohlfahrt, Michael"]
[Black "Pflaum, Stefan"]
[Result "0-1"]
[WhiteElo "1909"]
[BlackElo "2071"]
[PlyCount "54"]
[EventDate "2016.??.??"]
[WhiteTeam "TSF Welzheim"]
[BlackTeam "SC Botnang"]

1. b3 Nf6 2. Bb2 g6 3. e4 d6 4. Nf3 Bg7 5. Be2 O-O 6. d3 e5 7. Nbd2 Nc6 8. c4
Nh5 9. Nf1 f5 10. Ne3 Nf4 11. Nd5 Nxg2+ 12. Kd2 Nf4 13. Nxf4 exf4 14. Bxg7 Kxg7
15. Qc2 Qf6 16. h4 fxe4 17. dxe4 Bg4 18. Qc3 Rae8 19. Qxf6+ Rxf6 20. Kd3 Nb4+
21. Kc3 Rxe4 22. Kxb4 Rxe2 23. Nh2 Bd7 24. f3 Bc6 25. a4 Rfe6 26. Rag1 R6e3 27.
h5 Rb2 0-1

[Event "Int. Stuttgarter Stadtmeisterschaft A"]
[Site "Ditzingen"]
[Date "2016.05.05"]
[Round "2.27"]
[White "Scholl, Martin"]
[Black "Frühsorger, Dieter"]
[Result "0-1"]
[WhiteElo "2053"]
[BlackElo "1907"]
[PlyCount "30"]
[EventDate "2016.??.??"]
[WhiteTeam "TSV/RSK Esslingen"]
[BlackTeam "SK Schwäbisch Hall"]

1. c4 c5 2. Nc3 Nc6 3. Nf3 g6 4. d4 cxd4 5. Nxd4 Bg7 6. Nxc6 bxc6 7. Qc2 Nf6 8.
e4 O-O 9. Be2 d5 10. cxd5 cxd5 11. exd5 Nxd5 12. Nxd5 Qxd5 13. O-O Bf5 14. Qa4
Qe4 15. Qa3 Qxe2 0-1

[Event "Int. Stuttgarter Stadtmeisterschaft A"]
[Site "Ditzingen"]
[Date "2016.05.05"]
[Round "2.28"]
[White "Schnepel, Thomas"]
[Black "Jurasin, Marin"]
[Result "0-1"]
[WhiteElo "1907"]
[BlackElo "2039"]
[PlyCount "106"]
[EventDate "2016.??.??"]
[WhiteTeam "SC Pforzheim"]
[BlackTeam "SG Schönbuch"]

1. e4 g6 2. d4 Bg7 3. Nc3 d6 4. Be3 Nd7 5. Bc4 c6 6. a4 e6 7. Nf3 d5 8. Bb3 Ne7
9. Qd2 O-O 10. O-O dxe4 11. Nxe4 Nf5 12. Bg5 Qc7 13. Rfe1 Re8 14. Bf4 Qd8 15.
Rad1 Nf6 16. Nxf6+ Bxf6 17. c3 b6 18. Ne5 Bb7 19. Bc2 Ne7 20. Ng4 Bg7 21. Bg5
Qd6 22. Nf6+ Bxf6 23. Bxf6 Nd5 24. Be5 Qf8 25. c4 Nb4 26. Bb1 Qe7 27. Qf4 a5
28. Re3 f5 29. Rg3 Qd7 30. h4 Re7 31. h5 Rg7 32. Qh6 Qf7 33. Bxg7 Qxg7 34.
Qxg7+ Kxg7 35. hxg6 hxg6 36. Re1 Kf6 37. f4 Rd8 38. Rge3 Bc8 39. Rd1 c5 40. d5
exd5 41. cxd5 Rxd5 42. Rxd5 Nxd5 43. Re8 Bd7 44. Rb8 Bxa4 45. g3 c4 46. Kf2 Ke7
47. Rc8 Bb3 48. Rc6 a4 49. Rxg6 c3 50. bxc3 Nxc3 51. Bxf5 a3 52. Rxb6 a2 53.
Ra6 Na4 0-1

[Event "Int. Stuttgarter Stadtmeisterschaft A"]
[Site "Ditzingen"]
[Date "2016.05.05"]
[Round "2.29"]
[White "Kasüschke, Lars"]
[Black "Weis, Olga"]
[Result "0-1"]
[WhiteElo "2013"]
[BlackElo "1902"]
[PlyCount "68"]
[EventDate "2016.??.??"]
[WhiteTeam "SG Schwäbisch Gmünd"]
[BlackTeam "OSG Baden-Baden"]

1. e4 e5 2. Nf3 Nc6 3. Bb5 a6 4. Ba4 Nf6 5. O-O d6 6. Re1 b5 7. Bb3 Na5 8. c3
Nxb3 9. axb3 c5 10. d4 Qc7 11. Na3 Bb7 12. d5 Be7 13. Nd2 O-O 14. Nf1 Rab8 15.
f3 Nh5 16. Nc2 Qd8 17. Nfe3 Bc8 18. g3 Bg5 19. Ng2 Bxc1 20. Qxc1 f5 21. b4 fxe4
22. fxe4 c4 23. Rf1 Qb6+ 24. Kh1 Bh3 25. Rxf8+ Rxf8 26. Qe3 Qxe3 27. Ncxe3 Nf6
28. Rxa6 Nxe4 29. Ra5 Rf2 30. Ne1 Rxb2 31. Rxb5 Nxc3 32. Rb6 Rb1 33. N3c2 Nxd5
34. Rxd6 Ne3 0-1

[Event "Int. Stuttgarter Stadtmeisterschaft A"]
[Site "Ditzingen"]
[Date "2016.05.05"]
[Round "2.30"]
[White "Hoeschele, Hans-Ulrich"]
[Black "Reindl, Arno"]
[Result "1/2-1/2"]
[WhiteElo "2012"]
[BlackElo "1738"]
[PlyCount "72"]
[EventDate "2016.??.??"]
[WhiteTeam "Stuttgarter SF"]
[BlackTeam "SG Schwäbisch Gmünd"]

1. c4 Nf6 2. Nc3 g6 3. g3 Bg7 4. Bg2 d6 5. d4 O-O 6. Nf3 Nbd7 7. Bg5 c6 8. Qc2
Qc7 9. Rd1 e5 10. O-O Re8 11. dxe5 dxe5 12. b3 h6 13. Bc1 Nf8 14. Nh4 Ne6 15.
Ne4 Nxe4 16. Qxe4 f5 17. Qb1 Qf7 18. Rfe1 Kh7 19. Bh3 Ng5 20. Bg2 Ne6 21. e3 e4
22. f3 Nc5 23. fxe4 Nxe4 24. Qc2 Bd7 25. Rf1 Bf6 26. Bxe4 Rxe4 27. Bb2 Re7 28.
Bxf6 Qxf6 29. e4 Rf8 30. exf5 Bxf5 31. Nxf5 gxf5 32. Rf4 Ref7 33. Rdf1 b6 34.
Qd3 c5 35. Qd5 Qg6 36. Re1 Rf6 1/2-1/2

[Event "Int. Stuttgarter Stadtmeisterschaft A"]
[Site "Ditzingen"]
[Date "2016.05.05"]
[Round "2.31"]
[White "Schömbs, Oliver"]
[Black "Syed, Tareq"]
[Result "0-1"]
[WhiteElo "1890"]
[BlackElo "2010"]
[PlyCount "80"]
[EventDate "2016.??.??"]
[WhiteTeam "SC Ingersheim"]
[BlackTeam "SC Brett vorm Kopp"]

1. e4 c6 2. c4 e5 3. d4 d6 4. g3 Nf6 5. Bg2 Be7 6. Nc3 O-O 7. h3 Re8 8. Nf3
Nbd7 9. O-O b5 10. cxb5 cxb5 11. Nxb5 Bb7 12. dxe5 dxe5 13. Be3 a6 14. Nd6 Bxd6
15. Qxd6 Bxe4 16. Rfd1 Qb8 17. Qa3 Qb7 18. Ne1 Bxg2 19. Nxg2 e4 20. Rac1 Ne5
21. Nh4 Nd3 22. Rc2 Nd5 23. Bd4 Qd7 24. Kh2 N5f4 25. gxf4 Qxd4 26. Rcd2 Qf6 27.
Ng2 Nxf4 28. Rd6 Ne6 29. Rxa6 Rxa6 30. Qxa6 Qxf2 31. Qc6 Rb8 32. Qxe4 Qxb2 33.
a4 Qb6 34. Rd7 Nc5 35. Qd4 Nxd7 36. Qxd7 Rd8 37. Qf5 Ra8 38. Qe4 Qa5 39. Ne3
Qxa4 40. Qe5 Re8 0-1